Guess the 5 Seconds of Summer song with no hints #7 5SOS - Statistics

General Stats
  • This quiz has been taken 78 times
  • The average score is 276 of 388
Answer Stats
Answer % Correct
a
98%
I
98%
you
93%
you,
93%
And
87%
me
87%
to
87%
go
84%
love
84%
the
84%
so
82%
when
78%
in
76%
know
76%
want
76%
your
76%
am
73%
but
73%
Don't
73%
don't
73%
if
73%
I'm
73%
my
73%
on
73%
Then
73%
at
71%
it
71%
let
71%
look
71%
who
71%
ever
69%
got
69%
heart
69%
like
69%
night
69%
put
69%
Some
69%
you're
69%
You're
69%
away,
67%
away
67%
Every
67%
hand
67%
hands
67%
Late
67%
lie
67%
lookin'
67%
never,
67%
never
67%
Never,
67%
only
67%
Only
67%
out
67%
Push
67%
push
67%
yeah
67%
Can't
64%
can't
64%
eyes
64%
see
64%
Something
64%
stay,
64%
sweet
64%
Talk
64%
thing
64%
dead
62%
dirty,
62%
Fight
62%
gonna
62%
make
62%
or
62%
teeth
62%
Teeth
62%
devil,
60%
gives
60%
little
60%
Sometimes,
60%
way
60%
alive
58%
apologise
58%
Beg
58%
beg
58%
Call
58%
cold
58%
morning
58%
pretty,
58%
Blood
56%
butterflies
56%
days,
56%
life
56%
looking
56%
Still
56%
that's
56%
bed
53%
best
53%
shirt,
53%
somebody
53%
stranger
53%
turn
53%
burning
51%
nights
51%
through
51%
wife
51%
grow
49%
into
49%
rose
49%
beating
47%
No matching quizzes found
Score Distribution
Percent of People with Each Score
Percentile by Number Answered
Your Score History
You have not taken this quiz